Govt. of
Madhya Pradesh

Role Of Governmemt In Disaster Managment (Record no. 68504)

MARC details
000 -LEADER
fixed length control field 00277nam a22001097a 4500
082 ## - DEWEY DECIMAL CLASSIFICATION NUMBER
Classification number 333/KUM
100 ## - MAIN ENTRY--AUTHOR NAME
Personal name Kumar,Adesh
245 ## - TITLE STATEMENT
Title Role Of Governmemt In Disaster Managment
260 ## - PUBLICATION, DISTRIBUTION, ETC. (IMPRINT)
Place of publication New Delhi
Name of publisher Orange Books International
Year of publication 2022
650 ## - SUBJECT ADDED ENTRY--TOPICAL TERM
Topical Term Management
942 ## - ADDED ENTRY ELEMENTS (KOHA)
Koha item type Books
Holdings
Withdrawn status Lost status Damaged status Not for loan Home library Current library Date acquired Cost, normal purchase price Full call number Accession Number Price effective from Koha item type
        MACL MACL 27/12/2025 1250.00 333/KUM CRE040345 27/12/2025 Books